| 000 | 01767nam0a2200385 4500 | ||
|---|---|---|---|
| 001 | RU\NLR\bibl\1808537 | ||
| 005 | 20250616152655.0 | ||
| 010 |
_a978-5-7271-1062-1 _9100 |
||
| 021 |
_aRU _b2011-62083 _94356 |
||
| 035 | _a(nilc)RSL-KNO-004989987 | ||
| 035 | _a(NLR Aleph) 001799170 | ||
| 090 |
_a1789264 _c1789264 |
||
| 100 | _a20110816d2011 |||y0rusy50 ca | ||
| 101 | 0 | _arus | |
| 102 | _aRU | ||
| 105 | _ay zzzz||||| | ||
| 200 | 1 |
_aСоциальная работа по защите семьи, материнства и детства на региональном уровне _fЗ. А. Бердникова, О. И. Спесивцева _gМ-во образования и науки Российской Федерации, Гос. образовательное учреждение высш. проф. образования "Челябинский гос. ун-т" |
|
| 210 |
_aЧелябинск _cИзд-во Челябинского гос. ун-та _d2011 |
||
| 215 |
_a175 с. _d21 |
||
| 320 | _aБиблиогр.: с. 175 (13 назв.) | ||
| 606 | 1 |
_aСоциальная работа с семьей _92198958 _3RU\NLR\auth\661321480 |
|
| 606 | 1 |
_aСемья _xСоциальная защита _yРоссийская Федерация _92179470 _3RU\NLR\auth\661310725 |
|
| 686 |
_aС556.9,07 _2rubbk |
||
| 686 | _aС550.537 | ||
| 686 | _aС550.473 | ||
| 686 | _aУ27(2)229.8 | ||
| 700 | 1 |
_aБердникова _bЗ. А. _gЗинаида Александровна _4070 |
|
| 701 | 1 |
_aСпесивцева _bО. И. _gОльга Ивановна _4070 |
|
| 801 | 0 |
_aRU _bRuMoRKP _c20110816 _grcr |
|
| 801 | 1 |
_aRU _bRuMoRGB _c20110816 |
|
| 801 | 2 |
_aRU _bNLR _c20110912 _grcr |
|
| 942 | _cBOOK | ||
| 980 | _aNB | ||
| 980 | _aNBR | ||